00501nam a22001577a 450000500170000001000130001702000270003003500130005703700090007008200080007910000170008724501010010426000330020527000860023830000190032420241223115526.0 aB-761530 a9789356064799c140.00  aB-761530 bGift a480 aSaran, Charu aRevised Third Edition Celebrate;bAn Activity- based Multi-skill Course in English/cCharu Saran bPearsonc2021aUttar Pradesh a15th Floor, Tower-B, World Trade Tower, Plot No.1 Block C bUttar Pradeshe201301 a31p.c22cm(pb)